书目信息 |
| 题名: |
GPS定位技术及其应用
|
|
| 作者: | 林明峰 , 冯宝红 , 刘三枝 编著 | |
| 分册: | ||
| 出版信息: | 北京 国防工业出版社 2006.02 |
|
| 页数: | x, 230页 | |
| 开本: | 26cm | |
| 丛书名: | ||
| 单 册: | ||
| 中图分类: | P228.4 | |
| 科图分类: | ||
| 主题词: | 全球定位系统--quan qiu ding wei xi tong--高等学校--教材 | |
| 电子资源: | ||
| ISBN: | 7-118-04347-8 | |
| 000 | 01046nam0 2200277 450 | |
| 001 | 012006453824 | |
| 005 | 20060522161115.12 | |
| 010 | @a7-118-04347-8@dCNY22.00 | |
| 100 | @a20060511d2006 km y0chiy0120 ea | |
| 101 | 0 | @achi |
| 102 | @aCN@b110000 | |
| 105 | @aa a 000yy | |
| 200 | 1 | @aGPS定位技术及其应用@AGPS ding wei ji shu ji qi ying yong@f林明峰, 冯宝红, 刘三枝编著@Flin ming feng,feng bao hong,liu san zhi bian zhu |
| 210 | @a北京@c国防工业出版社@d2006.02 | |
| 215 | @ax, 230页@c图@d26cm | |
| 300 | @a21世纪高等学校规划教材 | |
| 320 | @a有书目 (第230页)。 | |
| 330 | @a本书主要介绍了空间定位技术的发展概况、GPS定位技术的基本知识、GPS定位的基本原理、GPS定位的误差来源与减弱措施;GPS卫星信号接收机、GPS测量设计与实施等内容。 | |
| 606 | 0 | @a全球定位系统@Aquan qiu ding wei xi tong@x高等学校@j教材 |
| 610 | 0 | @aGPS |
| 690 | @aP228.4@v4 | |
| 701 | 0 | @a林明峰@Alin ming feng@4编著 |
| 701 | 0 | @a冯宝红@Afeng bao hong@4编著 |
| 701 | 0 | @a刘三枝@Aliu san zhi@4编著 |
| 801 | 0 | @aCN@bQSSK@c20060522 |
| 905 | @a10447@dP228.4@eL511 | |
| GPS定位技术及其应用/林明峰, 冯宝红, 刘三枝编著.-北京:国防工业出版社,2006.02 |
| x, 230页:图;26cm |
| 21世纪高等学校规划教材 |
| ISBN 7-118-04347-8:CNY22.00 |
| 本书主要介绍了空间定位技术的发展概况、GPS定位技术的基本知识、GPS定位的基本原理、GPS定位的误差来源与减弱措施;GPS卫星信号接收机、GPS测量设计与实施等内容。 |
| ● |
| 相关链接 |
|
|
|
正题名:GPS定位技术及其应用
索取号:P228.4/L511
 
预约/预借
| 序号 | 登录号 | 条形码 | 馆藏地/架位号 | 状态 | 备注 |
| 1 | 580565 | 205805654 | 自科库401/401自科库 122排1列2层/ [索取号:P228.4/L511] | 在馆 | |
| 2 | 580566 | 205805663 | 社科二线400B/400B社科库 5排1列2层/ [索取号:P228.4/L511] | 在馆 | |
| 3 | 580567 | 205805672 | 社科二线400B/400B社科库 5排1列2层/ [索取号:P228.4/L511] | 在馆 |